| 000 | 01162nam a2200229Ia 4500 | ||
|---|---|---|---|
| 999 |
_c38427 _d38427 |
||
| 001 | 4438 | ||
| 003 | GE_BSU | ||
| 005 | 20190517161519.0 | ||
| 008 | 181216s1969|||| |||||||||||||| ||ge || | ||
| 040 | _cGE_BSU | ||
| 041 | _ageo | ||
| 080 | _a532(072) ჯ–54 | ||
| 100 |
_aჯიქია, ჰ. _91319 |
||
| 245 |
_aმეთოდური მითითებები ჰიდრავლიკის საფუძვლების შესასწავლად / _cჰ. ჯიქია ; პ/რედ : გ. ჯიმშელეიშვილი ; რედ : ე. კირვალიძე. |
||
| 264 |
_aთბილისი : _bსპი, _c1969. |
||
| 300 |
_a50 გვ .: _c20 სმ. |
||
| 653 | _aმეთოდური მითითებები ჰიდრავლიკის საფუძვლების შესასწავლად | ||
| 653 | _aფიზიკა | ||
| 700 |
_aჯიმშელეიშვილი, გ _eპასუხისმგებელი რედაქტორი _91320 |
||
| 700 |
_aკირვალიძე, ე _eრედაქტორი _9492 |
||
| 942 |
_cBK _2udc |
||